000 00658nam a2200169 a 4500
001 000027919
005 20200930031212.0
008 110405s2005 dr ac 000 0 spa d
040 _aDO-SdBNP
_bspa
_cBNPHU
100 1 _aSantos, Juan de los
_d1970
_954986
245 1 0 _aRindiendo cuentas :
_bmemorias de los dos primeros años cumpliendo con mi deber de diputado /
_cJuan de los Santos.
260 _aSanto Domingo :
_bEditora Manatí,
_c2005.
300 _a55 p. :
_bil., retrs. ;
_c22 cm.
500 _aMemorias de los primeros años cumpliendo con mi deber de Diputado
500 _aIncluye datos biográficos del autor en la contracubierta
049 _aBNPD
999 _c27411
_d27411